000 00460nam a22001817a 4500
003 CEME
005 20210628201717.0
008 210204b xxu||||| |||| 00| 0 eng d
020 _a0-07-058721-3
040 _c.
082 _a514 LIP
100 _aLipschutz, Seymour
_98529
245 _aTheory and problems of general topology
260 _aNEW DLEHI
_bTATA MCGRAW HILL
_c2004
300 _a237P
650 _aGENERAL TOPOLOGY
_956456
942 _cBK
_2ddc
999 _c566866
_d566866